Доклад (Запис номер 447232)
[ съкратено ]
| 000 -Лидер | |
|---|---|
| Контролно поле с фиксирана дължина | 01220nam a2200241 a 4500 |
| 003 - Код на организацията, давaща контролен номер | |
| Контролно поле | BLK |
| 005 - Дата и час на последна редакция | |
| Контролно поле | 20230628141955.0 |
| 008 - Елементи от данни с фиксирана дължина | |
| fixed length control field | 220304b bu |||||r|||| 00| | bu d |
| 040 ## - Източник на каталожния запис | |
| Идентификатор на билиотеката - собственик на записа | BLK |
| 041 ## - Код за език | |
| Код за езика на текст/звукозапис или на отделно заглавие | Български |
| Код за езика КДБФ | Български |
| 080 ## - УДК | |
| Текстов определител УДК | Цел на икономическата дейност - Задоволяване на потребности, постигане на печалба |
| УДК код - определител по УДК | 330.112 |
| УДК определител | (062) |
| УДК - код + определител | 330.112(062) |
| 139 ## - Редно поле | |
| Авторски знак | Доклад - Д 73 |
| 245 ## - Сведения за заглавието | |
| Заглавие | Доклад |
| Подзаглавни данни | За извършената работа по изпълнение на решенията на Секретариата на ЦК на БКП от 10 май 1980 г., за увеличаване и разнообразяване на стоките и услугите и изпълнение на 76-то ПМС в Русенската селищна система |
| Физически носител (вид на носителя) | [Малотр. изд.] |
| 260 ## - Област на издателските данни | |
| 9 (RLIN) | 216491 |
| Място на издаване, разпространение и проч. | Русе |
| Име на издателя, разпространителя и проч. | Общин. нар. съвет |
| Година на издаване | 1980 |
| 300 ## - Физическа характеристика | |
| Страници | 40, 3 с. |
| Размери/Мащаб | 22 см |
| 380 ## - Жанр | |
| Жанр | Обществени науки |
| 653 #0 - Ключова дума – ненормативна | |
| 9 (RLIN) | 468895 |
| Ключова дума | продоволствени стоки |
| 653 #7 - Ключова дума – ненормативна | |
| 9 (RLIN) | 199068 |
| Ключова дума | услуги |
| 653 #7 - Ключова дума – ненормативна | |
| 9 (RLIN) | 194237 |
| Ключова дума | постановления |
| 852 ## - Местоположение | |
| Фондова буква | Краезнание |
| Систематично-азбучна сигнатура | К 33 /Д 73 |
| 999 ## - СИСТЕМНИ КОНТРОЛНИ НОМЕРА | |
| Koha biblionumber | 447232 |
| Koha biblioitemnumber | 447232 |
| 942 ## - АРТИКУЛИ | |
| Вид на библиотечния материал | Книги |
| Скрит в OPAC | Не |
| Периодичен библиозапис | Да |
| Koha issues (borrowed), all copies | 1 |
| 944 ## - СЪЗДАВАНЕ И РЕДАКЦИЯ на ЗАПИСА | |
| Създаване/Редакция | Създаване |
| Дата на регистрацията/редакция | 2022-03-04 |
| Служител, извършил регистрацията/редакцията | А.М. |
| Код за отписване | Код за изгубен артикул | Източник на класификационната схема | Код за повреда | Коз за рестрикции | Код за отдаване | Артикулен № | Име на библиотеката - собственик | Име на библиотеката, в която се намира в момента | Статус (Текущо местоположение) | Дата на вписване в системата | Местоположение - отдел | Цена в лева | Систематично азбучна сигнатура | Баркод | Цена в евро | Служебен тип на артикула |
|---|---|---|---|---|---|---|---|---|---|---|---|---|---|---|---|---|
| Не е изгубен | Universal Decimal Classification | Не е повреден | само за читалня | ползва се в читалня | 874695 | Регионална библиотека "Любен Каравелов" Русе | Регионална библиотека "Любен Каравелов" Русе | Краезнание | 2022-03-10 | Краезнание | 1.00 | К 33/Д 73 | 120000867731 | 0.51 | Книги |